Statistics for Most Popular Baby Girl Names in Florida (2022)

Click here to take the quiz!

General Stats

  • This quiz has been taken 128 times
  • The average score is 121 of 200

Answer Stats

Answer% Correct
1OOlivia
96%
3EEmma
93%
156IIsabel
93%
2IIsabella
93%
146IIsabelle
93%
151AAna
91%
7CCharlotte
91%
22EElla
89%
17EEmily
89%
10SSofia
89%
4SSophia
89%
6AAmelia
87%
39EEmilia
87%
194LLilly
87%
28LLily
87%
16VVictoria
87%
30ZZoe
87%
48ZZoey
87%
25EEvelyn
85%
5MMia
85%
181SSara
85%
55SSarah
85%
185SSarai
85%
94AAnna
83%
18AAria
83%
101AArya
83%
32GGrace
83%
38IIsla
83%
20PPenelope
83%
8AAva
81%
31AAvery
81%
187EEliza
81%
66EEva
81%
26MMadison
81%
37VViolet
81%
19AAbigail
80%
13CChloe
80%
24EElizabeth
80%
49IIvy
80%
114KKhloe
80%
33LLeah
80%
183LLia
80%
9LLuna
80%
70SSophie
80%
90AAyla
78%
165GGia
78%
53HHannah
78%
29HHarper
78%
69LLillian
78%
91LLucy
78%
74AAriana
76%
135AArianna
76%
36EEllie
76%
15GGianna
76%
57NNora
76%
50RRiley
76%
129RRose
76%
107RRylee
76%
21LLayla
74%
174LLeila
74%
52WWillow
74%
67AAddison
72%
71AAllison
72%
44EEleanor
72%
80HHailey
72%
11MMila
72%
43AAlice
70%
110AAmy
70%
56AAshley
70%
104AAudrey
70%
98CClaire
70%
27SScarlett
70%
35SStella
70%
186VVivian
70%
197AAlaina
69%
41EElena
69%
142GGabriela
69%
45GGabriella
69%
75MMaria
69%
126RRuby
69%
23AAurora
67%
92BBrooklyn
67%
14CCamila
67%
175CClara
67%
166KKamila
67%
118MMadeline
67%
102MMadelyn
67%
83NNatalie
67%
78VValerie
67%
127AAlexandra
65%
97AAubrey
65%
89AAutumn
65%
51BBella
65%
143IIris
65%
169LLauren
65%
34NNova
65%
84SSamantha
65%
46AAaliyah
63%
163AAliyah
63%
95BBrianna
63%
58DDelilah
63%
188MMaia
63%
59MMaya
63%
42NNaomi
63%
145NNicole
63%
81PPaisley
63%
182ZZara
63%
106CCaroline
61%
131FFaith
61%
62HHazel
61%
103LLiliana
61%
73NNevaeh
61%
96SSienna
61%
12VValentina
61%
161AAdeline
59%
159DDaisy
59%
40EEliana
59%
144EElliana
59%
113JJasmine
59%
86JJulia
59%
132LLyla
59%
72JJade
57%
87LLucia
57%
109SSadie
57%
65VValeria
57%
123EEverleigh
56%
68EEverly
56%
112NNatalia
56%
63SSavannah
56%
128CCora
54%
60GGenesis
54%
148JJosephine
54%
82KKennedy
54%
121KKylie
54%
149PPeyton
54%
134QQuinn
54%
124AAriella
52%
168CCharlie
52%
138EEden
52%
140PPiper
52%
190VVera
52%
116AAngelina
50%
153KKaylee
50%
93AAlana
48%
76BBrielle
48%
137EEsther
48%
120SSummer
48%
178JJosie
46%
125JJuliette
46%
64SSkylar
46%
117EEloise
44%
139MMackenzie
44%
133MMelanie
44%
105AAmaya
43%
122AAndrea
43%
61AAthena
43%
77SSerenity
43%
167CCallie
41%
177EEmersyn
41%
130EEmery
41%
199KKali
41%
47LLeilani
41%
195LLuciana
41%
85KKinsley
39%
136AAlina
37%
155FFreya
37%
172KKimberly
37%
79MMelody
37%
196PParker
37%
119AAmara
35%
99AAnastasia
35%
176AArabella
35%
164JJuliana
35%
173JJuniper
35%
141SSage
35%
180BBianca
33%
158RReagan
33%
193HHadley
31%
184KKaia
31%
54AAlaia
30%
191CCecilia
30%
162RRiver
30%
170AAmira
28%
88CCatalina
28%
192CCeleste
26%
200LLondon
26%
111RRaelynn
26%
154ZZuri
26%
179MMaeve
24%
150RRemi
24%
152KKaylani
20%
100KKehlani
20%
115AAlani
19%
198AAlessia
19%
171CCeline
19%
157JJournee
19%
147MMagnolia
15%
160MMilani
15%
189AAlora
11%
108AAntonella
7%

Score Distribution

Percentile by Number Answered

Percent of People with Each Score

Your Score History

You have not taken this quiz